| 000 | 00635nam a22002057a 4500 | ||
|---|---|---|---|
| 003 | BUBTL | ||
| 008 | 160119b xxu||||| |||| 00| 0 eng d | ||
| 020 | _a9788189874094 | ||
| 082 |
_22nd _a621.319CHD |
||
| 100 |
_dChaudhuri, Diptiman Ray _9398 _aChaudhuri, Diptiman Ray |
||
| 245 |
_aDigital Circuits Vol-1 _cChaudhuri, Diptiman Ray |
||
| 250 | _a2nd | ||
| 260 |
_aKolkata _bPlatinum Publication _c2009 |
||
| 300 |
_a[xvi]921 _bill,tables _c24cm |
||
| 650 | 0 |
_2EEE _9400 _aEEE |
|
| 700 |
_9399 _aChaudhuri, Diptiman Ray |
||
| 856 |
_k0 _l0 _yDownload |
||
| 942 |
_2ddc _cBK |
||
| 999 |
_c5096 _d5096 |
||